Kabale University Library Catalogue

Successes in anti-poverty / (Record no. 6186)

MARC details
000 -LEADER
fixed length control field 00796cam a2200241 a 4500
005 - DATE AND TIME OF LATEST TRANSACTION
control field 20260311202514.0
008 - FIXED-LENGTH DATA ELEMENTS--GENERAL INFORMATION
fixed length control field 981005s1998 sz a b i000 0 eng d
020 ## - INTERNATIONAL STANDARD BOOK NUMBER
International Standard Book Number 9221108481
020 ## - INTERNATIONAL STANDARD BOOK NUMBER
International Standard Book Number 9789221108481
040 ## - CATALOGING SOURCE
Original cataloging agency KABLIB
Transcribing agency KABLIB
Description conventions rda
082 ## - DEWEY DECIMAL CLASSIFICATION NUMBER
Edition number 23
Classification number 339.46
Item number LIP
100 1# - MAIN ENTRY--PERSONAL NAME
Personal name Lipton, Michael,
Dates associated with a name 1937-
9 (RLIN) 15729
245 10 - TITLE STATEMENT
Title Successes in anti-poverty /
Statement of responsibility, etc. Michael Lipton ; with assistance from Shahin Yaqub and Eliane Darbellay.
260 ## - PUBLICATION, DISTRIBUTION, ETC.
Place of publication, distribution, etc. Geneva :
Name of publisher, distributor, etc. ILO,
Date of publication, distribution, etc. c1998.
300 ## - PHYSICAL DESCRIPTION
Extent xii, 214 p. :
Other physical details ill. ;
Dimensions 24 cm.
504 ## - BIBLIOGRAPHY, ETC. NOTE
Bibliography, etc. note Includes bibliographical references (p. 201-214).
650 #0 - SUBJECT ADDED ENTRY--TOPICAL TERM
Topical term or geographic name entry element Poverty.
650 #0 - SUBJECT ADDED ENTRY--TOPICAL TERM
Topical term or geographic name entry element Economic assistance.
700 1# - ADDED ENTRY--PERSONAL NAME
Personal name Yaqub, Shahin.
9 (RLIN) 15730
700 1# - ADDED ENTRY--PERSONAL NAME
Personal name Darbellay, Eliane.
9 (RLIN) 15731
710 2# - ADDED ENTRY--CORPORATE NAME
Corporate name or jurisdiction name as entry element International Labour Office.
9 (RLIN) 10391
942 ## - ADDED ENTRY ELEMENTS (KOHA)
Source of classification or shelving scheme Dewey Decimal Classification
Koha item type Book
Holdings
Withdrawn status Lost status Source of classification or shelving scheme Damaged status Not for loan Home library Current library Shelving location Date acquired Source of acquisition Total Checkouts Full call number Barcode Date last seen Price effective from Koha item type
    Dewey Decimal Classification     Mukombe Library Mukombe Library Open Access Section 11.03.2026 Donated   339.46 LIP 14609 11.03.2026 11.03.2026 Book

Kabale University Library | Kabale University P.O Box 317, Kabale, Uganda
Tel : +256754017033, +256774661503 E-mail : library@kab.ac.ug